000 00535nam a2200169 a 4500
001 000046356
005 20201002052818.0
008 150803s2007 dr 000 0 spa d
020 _a9789993497738
040 _aDO-SdBNP
_bspa
_cBNPHU
082 _axxxx
_bxxxx
100 1 _aKingsley, Vilena
_974385
245 1 0 _aPabellón del silencio /
_cVilena Kingsley.
260 _aSanto Domingo :
_bDelfos Editores,
_c2007.
300 _av, 188 p. ;
_c20 cm.
500 _aIncluye datos biográficos de la autora en la solapa de la contracubierta
999 _c45845
_d45845